[Event "BCF-chT3W 2223 (4NCL)"]
[Site "England"]
[Date "2023.04.30"]
[Round "10.32"]
[White "Shearsby, Jude"]
[Black "Lyth, John D"]
[Result "1-0"]
[WhiteElo "2041"]
[BlackElo "1901"]
[PlyCount "85"]
[EventDate "2022.10.22"]
[EventType "team-tourn"]
[EventRounds "11"]
[EventCountry "ENG"]
[SourceTitle "EXT 2024"]
[Source "ChessBase"]
[SourceDate "2023.10.10"]
[SourceVersion "1"]
[SourceVersionDate "2023.10.10"]
[SourceQuality "1"]
[WhiteTeam "Warwicks Select II"]
[BlackTeam "Manchester Manticores"]
[WhiteTeamCountry "ENG"]
[BlackTeamCountry "ENG"]

1. e4 e5 2. Nf3 Nc6 3. Bb5 a6 4. Ba4 Nf6 5. 0-0 Be7 6. Re1 b5 7. Bb3 d6 8. c3 0-0 9. h3 Na5 10. Bc2 c5 11. d4 Qc7 12. Nbd2 Rd8 13. d5 Bd7 14. Nf1 Rdb8 15. b3 Nb7 16. Be3 Nd8 17. Ng3 g6 18. Nh2 Ne8 19. Rf1 f6 20. f4 Nf7 21. f5 Ng7 22. fxg6 hxg6 23. Ng4 Bxg4 24. Qxg4 g5 25. h4 Nh6 26. Qf3 Rf8 27. Nh5 g4 28. Qe2 Kh7 29. Nxg7 Kxg7 30. Bxh6+ Kxh6 31. Qxg4 Rg8 32. Qe6 Rg3 33. Qf7 Rag8 34. Rf5 Rxg2+ 35. Kh1 R2g6 36. Rh5+ Kxh5 37. Qh7+ Kg4 38. Rg1+ Kf4 39. Rxg6 Rxg6 40. Qxg6 Qd7 41. Qg2 Bf8 42. Qf2+ Kg4 43. Bd1+ 1-0

[Event "BCF-chT 2122 (4NCL)"]
[Site "England"]
[Date "2022.03.27"]
[Round "6.114"]
[White "Lyth, John D"]
[Black "Smith, Andrew Philip"]
[Result "0-1"]
[WhiteElo "1945"]
[BlackElo "2126"]
[PlyCount "106"]
[EventDate "2021.11.27"]
[EventType "team-swiss"]
[EventRounds "11"]
[EventCountry "ENG"]
[SourceTitle "EXT 2023"]
[Source "ChessBase"]
[SourceDate "2022.10.05"]
[SourceVersion "1"]
[SourceVersionDate "2022.10.05"]
[SourceQuality "1"]
[WhiteTeam "Manchester Manticores"]
[BlackTeam "Barnet Knights"]
[WhiteTeamCountry "ENG"]
[BlackTeamCountry "ENG"]

1. d4 Nf6 2. Nf3 c5 3. d5 g6 4. Nc3 Bg7 5. g3 0-0 6. Bg2 d6 7. 0-0 Bg4 8. Nd2 Qd7 9. a4 Bh3 10. Nc4 Na6 11. e4 Bxg2 12. Kxg2 Nb4 13. f3 e6 14. dxe6 Qxe6 15. Ne3 Rad8 16. Ncd5 Nbxd5 17. Nxd5 Nxd5 18. exd5 Qf5 19. c3 Rfe8 20. g4 Qe5 21. f4 Qe4+ 22. Qf3 Qc4 23. Be3 Re4 24. Rad1 Rde8 25. Bc1 Qxa4 26. h3 Re2+ 27. Kg3 Qc2 28. Rh1 b5 29. Rdf1 Qe4 30. Qxe4 R2xe4 31. Kf3 a5 32. Rh2 b4 33. cxb4 axb4 34. b3 Rd4 35. Rd2 Ree4 36. Rxd4 Rxd4 37. Be3 Rd3 38. Ke4 Rxb3 39. f5 Bc3 40. fxg6 hxg6 41. Bf4 Bd4 42. h4 Ra3 43. h5 b3 44. hxg6 fxg6 45. Kd3 b2+ 46. Kc2 Ra1 47. Rb1 Rxb1 48. Kxb1 Be5 49. Bxe5 dxe5 50. Kxb2 Kf7 51. Kc3 Ke7 52. Kc4 Kd6 53. g5 e4 0-1

[Event "BCF-chT 2122 (4NCL)"]
[Site "England"]
[Date "2022.02.13"]
[Round "4.126"]
[White "Peck, Silas"]
[Black "Lyth, John D"]
[Result "1-0"]
[WhiteElo "1983"]
[BlackElo "1945"]
[PlyCount "127"]
[EventDate "2021.11.27"]
[EventType "team-swiss"]
[EventRounds "11"]
[EventCountry "ENG"]
[SourceTitle "EXT 2023"]
[Source "ChessBase"]
[SourceDate "2022.10.05"]
[SourceVersion "1"]
[SourceVersionDate "2022.10.05"]
[SourceQuality "1"]
[WhiteTeam "Anglian Avengers"]
[BlackTeam "Manchester Manticores"]
[WhiteTeamCountry "ENG"]
[BlackTeamCountry "ENG"]

1. e4 e5 2. Nf3 Nc6 3. Bc4 Be7 4. d4 d6 5. Nc3 Nf6 6. h3 0-0 7. 0-0 a6 8. a4 Bd7 9. Re1 exd4 10. Nxd4 Ne5 11. Bb3 c5 12. Nf5 Bxf5 13. exf5 h6 14. g4 Qd7 15. f4 Nc6 16. g5 hxg5 17. fxg5 Qxf5 18. gxf6 Bxf6 19. Qg4 Qxg4+ 20. hxg4 Ne5 21. Re4 Nf3+ 22. Kg2 Ng5 23. Re1 Ne6 24. Bxe6 fxe6 25. Rxe6 Be5 26. Bg5 Kf7 27. Re7+ Kg6 28. Be3 Rh8 29. Rh1 Rxh1 30. Kxh1 Rh8+ 31. Kg1 Rh4 32. Rxb7 Rxg4+ 33. Kf2 Bxc3 34. bxc3 Rxa4 35. Ke2 Kf6 36. Rd7 Ke6 37. Rxg7 Kd5 38. Kd3 Rh4 39. Ra7 Ra4 40. Rc7 Rg4 41. Rc8 Ra4 42. Rf8 Rg4 43. c4+ Kc6 44. Rf6 Rg7 45. Bf4 Rd7 46. Kc3 Rd8 47. Kd3 Rd7 48. c3 Rd8 49. Kc2 a5 50. Kb3 Rb8+ 51. Ka4 Rd8 52. Rxd6+ Rxd6 53. Bxd6 Kxd6 54. Kxa5 Kc6 55. Ka6 Kc7 56. Kb5 Kd6 57. Kb6 Kd7 58. Kxc5 Kc7 59. Kd5 Kd7 60. c5 Kc7 61. c6 Kc8 62. Kd6 Kd8 63. c7+ Kc8 64. c4 1-0

[Event "BCF-chT2b 1920 (4NCL)"]
[Site "Daventry"]
[Date "2020.03.01"]
[Round "2.77"]
[White "Lyth, John D"]
[Black "Smith, Andrew Philip"]
[Result "1-0"]
[WhiteElo "1940"]
[BlackElo "2166"]
[PlyCount "47"]
[EventDate "2020.01.11"]
[EventType "team-tourn"]
[EventRounds "11"]
[EventCountry "ENG"]
[SourceTitle "CBM 195 Extra"]
[Source "ChessBase"]
[SourceDate "2020.05.31"]
[SourceVersion "1"]
[SourceVersionDate "2020.05.31"]
[SourceQuality "1"]
[WhiteTeam "Manchester Manticores"]
[BlackTeam "Barnet Knights"]
[WhiteTeamCountry "ENG"]
[BlackTeamCountry "ENG"]

1. d4 d6 2. e4 Nd7 3. Nf3 e5 4. Bc4 Qf6 5. 0-0 h6 6. Nc3 c6 7. a4 g5 8. dxe5 dxe5 9. Be3 Bd6 10. Qd2 Bc7 11. Rfd1 Ne7 12. b4 Ng6 13. b5 Nb6 14. Be2 Be6 15. bxc6 bxc6 16. Bc5 Nf4 17. Ba6 Nxg2 18. Nb5 Bb8 19. Nd6+ Bxd6 20. Qxd6 Nd7 21. Kxg2 Nxc5 22. Qxc5 Bh3+ 23. Kg1 Bg4 24. Bb7 1-0

[Event "Leyland op"]
[Site "Leyland"]
[Date "2019.08.24"]
[Round "2"]
[White "Cukovs, Oleg"]
[Black "Lyth, John D"]
[Result "1/2-1/2"]
[WhiteElo "1897"]
[BlackElo "1969"]
[PlyCount "34"]
[EventDate "2019.08.24"]
[EventType "swiss"]
[EventRounds "6"]
[EventCountry "ENG"]
[SourceTitle "EXT 2020"]
[Source "ChessBase"]
[SourceDate "2019.10.17"]
[SourceVersion "1"]
[SourceVersionDate "2019.10.17"]
[SourceQuality "1"]

1. e4 e5 2. Nf3 Nc6 3. Bc4 Bc5 4. c3 Nf6 5. d3 d6 6. 0-0 0-0 7. Nbd2 a6 8. Bb3 h6 9. h3 Ba7 10. Re1 Ne7 11. Nf1 Ng6 12. Ng3 Be6 13. d4 exd4 14. cxd4 d5 15. e5 Nd7 16. Bc2 Re8 17. Ne2 Ndf8 1/2-1/2

[Event "BCF-chT3N 1718 (4NCL)"]
[Site "England"]
[Date "2018.01.13"]
[Round "3.61"]
[White "Lyth, John D"]
[Black "Melaugh, Shanemelaugh"]
[Result "0-1"]
[WhiteElo "1953"]
[BlackElo "2050"]
[PlyCount "160"]
[EventDate "2017.11.11"]
[EventType "team-swiss"]
[EventRounds "11"]
[EventCountry "ENG"]
[SourceTitle "EXT 2020"]
[Source "ChessBase"]
[SourceDate "2019.10.17"]
[SourceVersion "1"]
[SourceVersionDate "2019.10.17"]
[SourceQuality "1"]
[WhiteTeam "Manchester Manticores IV"]
[BlackTeam "Enniscorthy"]
[WhiteTeamCountry "ENG"]
[BlackTeamCountry "IRL"]

1. d4 e6 2. Nf3 f5 3. g3 b6 4. Bg2 Bb7 5. 0-0 Nf6 6. c4 Be7 7. Nc3 0-0 8. Qc2 Ne4 9. Nd2 Nxc3 10. bxc3 Bxg2 11. Kxg2 d5 12. cxd5 exd5 13. Nf3 Nd7 14. c4 dxc4 15. Qxc4+ Kh8 16. Bf4 Bd6 17. Ng5 Qe7 18. Bxd6 cxd6 19. Ne6 Rac8 20. Qb3 Rfe8 21. Nf4 Qe4+ 22. Qf3 Qxd4 23. Qb7 Qa4 24. Rfd1 Qc6+ 25. Qxc6 Rxc6 26. Rd2 Nf6 27. f3 g5 28. Nh3 h6 29. Rad1 Kg7 30. Nf2 d5 31. Nd3 Rce6 32. Kf2 Ne4+ 33. fxe4 dxe4 34. Rc2 exd3 35. Rxd3 Kf6 36. Rd5 Re5 37. Rd7 R8e7 38. Rd6+ R7e6 39. Rd7 a6 40. Rh7 Kg6 41. Rd7 Kh5 42. Rd4 Re4 43. Rxe4 fxe4 44. h3 Kg6 45. Ke3 Kf6 46. Rc8 Ke5 47. Rd8 b5 48. Rd4 Rc6 49. Rxe4+ Kd5 50. Rd4+ Kc5 51. Rd3 Kb4 52. Kd2 Rf6 53. Rb3+ Ka4 54. Rd3 b4 55. Kc2 a5 56. Kb2 Re6 57. e3 Kb5 58. a3 Re4 59. axb4 axb4 60. Kb3 Kc5 61. Kc2 h5 62. Kb3 Re6 63. e4 Rxe4 64. Rf3 Re5 65. Rd3 Rf5 66. Re3 Kd4 67. g4 hxg4 68. hxg4 Rf4 69. Rg3 Ke4 70. Kxb4 Rf3 71. Rg1 Kf4 72. Kc4 Rg3 73. Rf1+ Kxg4 74. Kd4 Rf3 75. Rg1+ Kf4 76. Rg2 g4 77. Rg1 g3 78. Rg2 Rf2 79. Rg1 g2 80. Kd3 Kf3 0-1

[Event "BCF-chT3Nc 1516 (4NCL)"]
[Site "England"]
[Date "2016.05.01"]
[Round "10.87"]
[White "Richardson, Alex"]
[Black "Lyth, John D"]
[Result "1/2-1/2"]
[WhiteElo "2123"]
[BlackElo "1982"]
[PlyCount "58"]
[EventDate "2016.03.20"]
[EventType "team-swiss"]
[EventRounds "11"]
[EventCountry "ENG"]
[SourceTitle "EXT 2017"]
[Source "ChessBase"]
[SourceDate "2016.10.25"]
[SourceVersion "1"]
[SourceVersionDate "2016.10.25"]
[SourceQuality "1"]
[WhiteTeam "Cheddleton II"]
[BlackTeam "Manchester Manticores II"]
[WhiteTeamCountry "ENG"]
[BlackTeamCountry "ENG"]

1. c4 c6 2. Nf3 d5 3. e3 g6 4. d4 Bg7 5. Nc3 Nf6 6. Be2 0-0 7. 0-0 b6 8. Qb3 e6 9. Rd1 Nbd7 10. Bd2 Bb7 11. Rac1 c5 12. cxd5 Nxd5 13. e4 Nxc3 14. Bxc3 cxd4 15. Bxd4 Bxe4 16. Bc4 Bxf3 17. Qxf3 Bxd4 18. Rxd4 Qg5 19. Qd1 Rad8 20. h4 Qe7 21. Qe2 Nf6 22. Rcd1 Rxd4 23. Rxd4 Rd8 24. Qd2 Rxd4 25. Qxd4 Nd5 26. g3 Qf6 27. Qd2 Qe5 28. Bf1 Kg7 29. Bg2 h5 1/2-1/2

[Event "BCF-chT3Nd 1516 (4NCL)"]
[Site "England"]
[Date "2016.04.30"]
[Round "9.105"]
[White "Lyth, John D"]
[Black "Taylor, John Paul"]
[Result "0-1"]
[WhiteElo "1982"]
[BlackElo "1854"]
[PlyCount "118"]
[EventDate "2016.03.20"]
[EventType "team-swiss"]
[EventRounds "11"]
[EventCountry "ENG"]
[SourceTitle "EXT 2017"]
[Source "ChessBase"]
[SourceDate "2016.10.25"]
[SourceVersion "1"]
[SourceVersionDate "2016.10.25"]
[SourceQuality "1"]
[WhiteTeam "Manchester Manticores III"]
[BlackTeam "Cheddleton III"]
[WhiteTeamCountry "ENG"]
[BlackTeamCountry "ENG"]

1. d4 Nf6 2. Nf3 e6 3. e3 d5 4. Bd3 c5 5. b3 cxd4 6. exd4 Nc6 7. 0-0 Be7 8. Bb2 0-0 9. a3 Qb6 10. Nbd2 Na5 11. Ne5 Bd7 12. Qe2 Rac8 13. Rab1 Nc6 14. Ndf3 Nd8 15. Rfd1 a6 16. c4 Qxb3 17. Nxd7 Nxd7 18. cxd5 Qxd5 19. Be4 Qd6 20. d5 Bf6 21. dxe6 Qxe6 22. Nd4 Bxd4 23. Rxd4 Nf6 24. Qf3 Nxe4 25. Rxe4 Qa2 26. Ree1 Ne6 27. Be5 b5 28. Rb4 Rc5 29. Bd6 Qd2 30. Qd1 Qxd1 31. Rxd1 Rd8 32. Rbb1 Rc4 33. Bb4 Rcd4 34. Rdc1 Nf4 35. Ba5 Ne2+ 36. Kf1 Nxc1 37. Rxc1 Rd1+ 38. Rxd1 Rxd1+ 39. Ke2 Rd5 40. g3 Kf8 41. Ke3 Ke8 42. Bc3 g6 43. h4 Kd7 44. Ke4 Kc6 45. Bb4 Rf5 46. f3 h5 47. g4 hxg4 48. fxg4 Rf1 49. Ke5 Kb6 50. Bf8 f5 51. g5 Rh1 52. Kf6 Rxh4 53. Kxg6 f4 54. Bb4 f3 55. Be1 Rg4 56. Kh6 Rg2 57. g6 f2 58. Bxf2+ Rxf2 59. g7 Ka5 0-1

[Event "BCF-chT3Nb 1516 (4NCL)"]
[Site "England"]
[Date "2016.02.13"]
[Round "5.110"]
[White "Lyth, John D"]
[Black "Powell, Lloyd"]
[Result "0-1"]
[WhiteElo "1982"]
[BlackElo "2074"]
[PlyCount "74"]
[EventDate "2015.11.14"]
[EventType "team-swiss"]
[EventRounds "7"]
[EventCountry "ENG"]
[SourceTitle "EXT 2017"]
[Source "ChessBase"]
[SourceDate "2016.10.25"]
[SourceVersion "1"]
[SourceVersionDate "2016.10.25"]
[SourceQuality "1"]
[WhiteTeam "Manchester Manticores II"]
[BlackTeam "Spirit of Atticus II"]
[WhiteTeamCountry "ENG"]
[BlackTeamCountry "ENG"]

1. d4 Nf6 2. Nf3 e6 3. e3 c5 4. Bd3 d5 5. b3 Be7 6. 0-0 0-0 7. Bb2 Nbd7 8. Nbd2 b6 9. Qe2 Bb7 10. Rfd1 Qc7 11. Rac1 Rac8 12. c4 Qb8 13. Bb1 Rfd8 14. Ne5 Nf8 15. Nf1 Ng6 16. Nxg6 hxg6 17. Ng3 Rd7 18. h4 Bd6 19. cxd5 Bxg3 20. fxg3 Qxg3 21. dxc5 Rxc5 22. Bxf6 Rxc1 23. Rxc1 gxf6 24. e4 exd5 25. exd5 Qe5 26. Qxe5 fxe5 27. Kf2 Bxd5 28. g3 Be6 29. Ke3 f5 30. Bd3 Kg7 31. Bb5 Re7 32. Be2 Bd5 33. Bb5 Bb7 34. Bd3 Kf6 35. Rf1 Rc7 36. Kd2 Rd7 37. Ke3 Rxd3+ 0-1

[Event "BCF-chT3 1415 (4NCL)"]
[Site "England"]
[Date "2015.05.03"]
[Round "11.99"]
[White "Lyth, John D"]
[Black "Taylor, Robert Graham"]
[Result "1-0"]
[WhiteElo "2016"]
[BlackElo "1946"]
[PlyCount "69"]
[EventDate "2015.03.21"]
[EventType "team-swiss"]
[EventRounds "11"]
[EventCountry "ENG"]
[SourceTitle "EXT 2016"]
[Source "ChessBase"]
[SourceDate "2015.10.08"]
[SourceVersion "1"]
[SourceVersionDate "2015.10.08"]
[SourceQuality "1"]
[WhiteTeam "Manchester Manticores II"]
[BlackTeam "Rhyfelwyr Essyllwg II"]
[WhiteTeamCountry "ENG"]
[BlackTeamCountry "ENG"]

1. d4 Nf6 2. Nf3 g6 3. g3 Bg7 4. Bg2 0-0 5. 0-0 d6 6. c4 Nc6 7. Nc3 e5 8. d5 Ne7 9. e4 h6 10. Ne1 Nd7 11. Nd3 f5 12. f4 a6 13. Qd2 exf4 14. Nxf4 Ne5 15. b3 fxe4 16. Bxe4 Nf5 17. Nfe2 Qe7 18. Ba3 Kh7 19. Rae1 Bd7 20. Nf4 Qg5 21. Bc1 Ng4 22. Qd3 Bd4+ 23. Kg2 Ne5 24. Qc2 Qe7 25. Qd2 Bxc3 26. Qxc3 Rae8 27. Bd2 Rf6 28. Nd3 Qf7 29. Nxe5 Rxe5 30. Qd3 h5 31. Bg5 Qg7 32. Bxf6 Qxf6 33. Bxf5 Bxf5 34. Qd2 b6 35. Rf2 1-0

[Event "BCF-chT3N 1415 (4NCL)"]
[Site "England"]
[Date "2015.02.15"]
[Round "6.192"]
[White "Lyth, John D"]
[Black "McCarthy, Damian"]
[Result "1/2-1/2"]
[WhiteElo "2017"]
[BlackElo "1813"]
[PlyCount "50"]
[EventDate "2014.11.15"]
[EventType "team-swiss"]
[EventRounds "6"]
[EventCountry "ENG"]
[SourceTitle "EXT 2016"]
[Source "ChessBase"]
[SourceDate "2015.10.08"]
[SourceVersion "1"]
[SourceVersionDate "2015.10.08"]
[SourceQuality "1"]
[WhiteTeam "Manchester Manticores II"]
[BlackTeam "Bradford DCA Knights II"]
[WhiteTeamCountry "ENG"]
[BlackTeamCountry "ENG"]

1. d4 f5 2. Nf3 e6 3. g3 Nf6 4. Bg2 d5 5. 0-0 Bd6 6. c4 c6 7. b3 Qe7 8. Bb2 b6 9. Nc3 0-0 10. e3 Bb7 11. Ne2 a5 12. Nf4 Na6 13. Nd3 Rac8 14. Nfe5 c5 15. Rc1 Nb4 16. a4 Ne4 17. Qe2 Nxd3 18. Nxd3 dxc4 19. bxc4 Qd7 20. Qc2 Ng5 21. f3 Bc6 22. Ra1 Qb7 23. Qe2 Qd7 24. Qc2 Qb7 25. Qe2 Qd7 1/2-1/2

[Event "BCF-chT3N 1415 (4NCL)"]
[Site "England"]
[Date "2015.02.14"]
[Round "5.76"]
[White "Reeve, Andy K"]
[Black "Lyth, John D"]
[Result "1-0"]
[WhiteElo "2051"]
[BlackElo "2017"]
[PlyCount "85"]
[EventDate "2014.11.15"]
[EventType "team-swiss"]
[EventRounds "6"]
[EventCountry "ENG"]
[SourceTitle "EXT 2016"]
[Source "ChessBase"]
[SourceDate "2015.10.08"]
[SourceVersion "1"]
[SourceVersionDate "2015.10.08"]
[SourceQuality "1"]
[WhiteTeam "Manchester Manticores"]
[BlackTeam "Manchester Manticores III"]
[WhiteTeamCountry "ENG"]
[BlackTeamCountry "ENG"]

1. c4 Nf6 2. Nf3 d6 3. g3 e5 4. Nc3 Be7 5. Bg2 0-0 6. d3 c6 7. 0-0 h6 8. Rb1 Bf5 9. b4 Nbd7 10. Nd2 Ne8 11. b5 Qc7 12. Ba3 Nef6 13. bxc6 bxc6 14. Qa4 Rfc8 15. Rb3 Nb6 16. Qa5 Be6 17. Rc1 Nfd7 18. Rb2 Rab8 19. Rcb1 Bf8 20. Qa6 Be7 21. Nb3 Nf8 22. c5 dxc5 23. Nxc5 Bxc5 24. Bxc5 Nfd7 25. Be3 f5 26. a4 f4 27. Bd2 fxg3 28. hxg3 Bf7 29. a5 Nd5 30. Rb7 Nc5 31. Rxc7 Nxa6 32. Rxc8+ Rxc8 33. Rb7 Rc7 34. Rb1 Be6 35. Ne4 Kf7 36. Bc1 Ke7 37. Ba3+ c5 38. Rb5 Ndb4 39. Nxc5 Rxc5 40. Rxc5 Nxc5 41. Bxb4 Kd6 42. e3 Bd5 43. d4 1-0

[Event "Leyland op"]
[Site "Leyland"]
[Date "2013.08.26"]
[Round "5"]
[White "Burke, Mitchell R"]
[Black "Lyth, John D"]
[Result "1/2-1/2"]
[WhiteElo "1971"]
[BlackElo "2021"]
[PlyCount "35"]
[EventDate "2013.08.24"]
[EventType "swiss"]
[EventRounds "6"]
[EventCountry "ENG"]
[SourceTitle "CBM 156 Extra"]
[Source "ChessBase"]
[SourceDate "2013.10.22"]
[SourceVersion "1"]
[SourceVersionDate "2013.10.22"]
[SourceQuality "1"]

1. e4 e5 2. Nf3 Nc6 3. Bb5 a6 4. Bxc6 dxc6 5. 0-0 Be7 6. Nxe5 Qd4 7. Nf3 Qxe4 8. Nc3 Qg6 9. Ne5 Qf5 10. Re1 Be6 11. Qf3 Qxf3 12. Nxf3 0-0-0 13. d3 h6 14. Ne2 Bf6 15. Nf4 Bg4 16. Ne5 Bxe5 17. Rxe5 Nf6 18. f3 1/2-1/2

[Event "Leyland op"]
[Site "Leyland"]
[Date "2010.08.29"]
[Round "3"]
[White "Lyth, John D"]
[Black "Keogh, Edward Augustine"]
[Result "1/2-1/2"]
[WhiteElo "1942"]
[BlackElo "2028"]
[PlyCount "93"]
[EventDate "2010.08.28"]
[EventType "swiss"]
[EventRounds "6"]
[EventCountry "ENG"]
[SourceTitle "CBM 138 Extra"]
[Source "ChessBase"]
[SourceDate "2010.10.29"]
[SourceVersion "1"]
[SourceVersionDate "2010.10.29"]
[SourceQuality "1"]

1. d4 d5 2. Nf3 Nc6 3. Bf4 Bg4 4. e3 e6 5. Be2 Bd6 6. Bg3 Nge7 7. Nbd2 Nf5 8. Bxd6 cxd6 9. h3 Bxf3 10. Nxf3 0-0 11. 0-0 Nh4 12. c3 f5 13. Nxh4 Qxh4 14. f4 Kh8 15. Qe1 Qe7 16. Kh2 a6 17. Rg1 b5 18. a3 Na5 19. g4 Nc4 20. Qc1 e5 21. Bf3 e4 22. Be2 g5 23. gxf5 gxf4 24. exf4 Qh4 25. Rg4 Qf2+ 26. Rg2 Qe3 27. Qxe3 Nxe3 28. Rg5 Rxf5 29. Rxf5 Nxf5 30. Rg1 Rg8 31. Rg5 Rxg5 32. fxg5 Ne3 33. Kg3 Nc4 34. a4 Nxb2 35. axb5 axb5 36. Bxb5 Nd1 37. c4 Nc3 38. Kf4 Kg7 39. h4 Kf8 40. Ba6 dxc4 41. Bxc4 d5 42. Bb3 Kf7 43. h5 Ke6 44. Ke3 Kf5 45. g6 hxg6 46. hxg6 Kxg6 47. Bxd5 1/2-1/2